• 首页
  • 本馆介绍
  • 公告通知
  • 最新文献
  • 馆藏检索
  • 电子资源
  • 读者导购
  • 参考咨询
  • 我的图书馆
  • 登录
  • 详细信息显示
  • 放入我的书架
  • 预约/预借图书
  • 作者相关作品
  • 分类相关作品
  • 丛书相关作品
  • 出版社相关作品

书目信息

  • 表格格式
  • 工作单格式
  • 卡片格式
题名:
T.E.T.教师效能训练
    
 
作者: 戈登 著 ;李明霞 译
分册:  
出版信息: 北京   中国青年出版社  2015
页数: 336页
开本: 22cm
丛书名:
单 册:
中图分类: G456
科图分类:
主题词: 师生关系--研究
电子资源:
ISBN: 978-7-5153-3228-4
000 01277nam0 2200253 450
001 1333
005 20180522105901.56
010    @a978-7-5153-3228-4@dCNY39.00
100    @a20150814d2015 em y0chiy50 ea
101 1  @achi@ceng
102    @aCN@b110000
105    @ay z 000yy
200 1  @aT.E.T.教师效能训练@9T.E.T. jiao shi xiao neng xun lian@e一个已被证明能让所有年龄学生做到最好的培训项目@dTeacher effectiveness training@ethe program proven to help teachers bring out the best in students of all ages@f(美)托马斯·戈登博士(Dr. Thomas Gordon)[著]@zeng
210    @a北京@c中国青年出版社@d2015
215    @a336页@d22cm
300    @a常青藤教师成长/专业素养 30周年纪念版
330    @a本书通过让教师在课堂上运用一系列有效的沟通技巧与冲突解决方法,帮助其获得高质量的师生关系,从而减少课堂冲突与纪律问题,提升课堂时间的质量,提高学生的学习主动性、专注力、自控力、学习效率以及课堂教学的参与度,最终实现教师的高效能与学生的成长与发展。
510 1  @aTeacher effectiveness training@ethe program proven to help teachers bring out the best in students of all ages@zeng
606 0  @a师生关系@x研究
690    @aG456@v5
701  0 @c(美)@a戈登@9ge deng@c(Gordon, Thomas)@4著
702  0 @a李明霞@9li ming xia@4译
801  0 @aCN@b91MARC@c20150814
905    @aMuseLib@dG456@e219
    
    T.E.T.教师效能训练:一个已被证明能让所有年龄学生做到最好的培训项目=Teacher effectiveness training:the program proven to help teachers bring out the best in students of all ages/(美)托马斯·戈登博士(Dr. Thomas Gordon)[著].-北京:中国青年出版社,2015
    336页;22cm
    常青藤教师成长/专业素养 30周年纪念版
    
    ISBN 978-7-5153-3228-4:CNY39.00
    本书通过让教师在课堂上运用一系列有效的沟通技巧与冲突解决方法,帮助其获得高质量的师生关系,从而减少课堂冲突与纪律问题,提升课堂时间的质量,提高学生的学习主动性、专注力、自控力、学习效率以及课堂教学的参与度,最终实现教师的高效能与学生的成长与发展。
●
相关链接 在E读中查询图书 在五车中查询图书 在当当中查询图书 在豆瓣中查询图书


正题名:T.E.T.教师效能训练     索取号:G456/219         预约/预借

序号 登录号 条形码 馆藏地/架位号 状态 备注
1 1103898   211038982   第一样本阅览室/ [索取号:G456/219] 在馆    
2 1103899   211038991   教育系资料室/ [索取号:G456/219] 在馆    
3 1103900   211039008   教育系资料室/ [索取号:G456/219] 在馆    
4 1103901   211039017   教育系资料室/ [索取号:G456/219] 在馆    
5 1103902   211039026   第四借阅区/ [索取号:G456/219] 在馆    
6 1103903   211039035   第四借阅区/ [索取号:G456/219] 在馆    
唐山师范学院图书馆 欢迎您!
大连网信软件有限公司© 版权所有